000
00209nam a2200085Ia 4500
245
0
_a
Clam-I-am!
100
_a
RABE, Tish London, 2009
_9
76859
942
_c
BK
008
210817s9999 xx 000 0 und d
999
_c
261165
_d
261165